| Tag |
First Indicator |
Second Indicator |
Subfields |
| LEADER |
00000cam a2200000 i 4500 |
| 001 |
in00000031492 |
| 005 |
20151007061710.0 |
| 008 |
780210s1949 nyua 00000 eng d |
| 035 |
|
|
|a (OCoLC)03626135
|
| 035 |
|
|
|9 AAD2809AM
|
| 040 |
|
|
|a BTS
|c BTS
|d TXA
|d UtOrBLW
|
| 049 |
|
|
|a TXAM
|c [225862]
|
| 090 |
|
|
|a GV995
|b .K7 1949
|
| 092 |
|
|
|a 796.34
|b K89h
|
| 100 |
1 |
|
|a Kramer, Jack,
|d 1921-2009.
|
| 245 |
1 |
0 |
|a How to win at tennis /
|c photos. by Arthur E. Haug.
|
| 264 |
|
1 |
|a New York :
|b Prentice-Hall,
|c [1949]
|
| 264 |
|
4 |
|c ©1949
|
| 300 |
|
|
|a viii, 182 pages :
|b illustrations ;
|c 21 cm.
|
| 336 |
|
|
|a text
|b txt
|2 rdacontent
|
| 337 |
|
|
|a unmediated
|b n
|2 rdamedia
|
| 338 |
|
|
|a volume
|b nc
|2 rdacarrier
|
| 650 |
|
0 |
|a Tennis.
|
| 999 |
|
|
|a MARS
|
| 999 |
f |
f |
|s 84f70d3c-f97f-355b-9db7-1e65d78c203f
|i 66706ba7-fd97-36de-8e45-e2a269a5213e
|t 0
|
| 952 |
f |
f |
|p ric
|a Texas A&M University
|b Rellis Campus
|c Joint Library Facility
|d Remote Storage
|t 0
|e GV995 .K7 1949
|h Library of Congress classification
|i unmediated -- volume
|m A14801184773
|
| 998 |
f |
f |
|a GV995 .K7 1949
|t 0
|l Remote Storage
|